Potosí
Сохранить в:
| Главный автор: | |
|---|---|
| Формат: | |
| Язык: | испанский |
| Опубликовано: |
Madrid, España.
Libros del K.O.
2017
|
| Предметы: | |
| Метки: |
Добавить метку
Нет меток, Требуется 1-ая метка записи!
|
MARC
| LEADER | 00000cam a2200000 a 4500 | ||
|---|---|---|---|
| 001 | UCC9224 | ||
| 003 | CL-VaPUC | ||
| 005 | 20240722091336.0 | ||
| 008 | 190914e20170000sp |||||||||||||||||spa|d | ||
| 999 | |c 375417 |d 375415 | ||
| 020 | |a 9788416001644 | ||
| 040 | |c Pontificia Universidad Católica de Valparaíso | ||
| 082 | 0 | 4 | |a Bo863 IZA 2017 |2 21 |
| 100 | 0 | |a Izagirre, Ander |9 604161 | |
| 245 | 1 | 0 | |a Potosí |
| 260 | 0 | 3 | |a Madrid, España. |b Libros del K.O. |c 2017 |
| 300 | |a 204 páginas | ||
| 583 | |a last modification |c 20190914 23:07:00 |k Rodrigo Vera | ||
| 650 | 7 | |a MINEROS |2 CL-VaPUC |9 318252 | |
| 650 | 0 | |a Trabajo infantil |9 389077 | |
| 650 | 0 | |a Literatura boliviana |9 341321 | |
| 942 | |c BK |2 ddc | ||
| 945 | |d 20190914 23:07:00 |a dcastane | ||
| 952 | |0 0 |1 0 |2 ddc |3 erb |4 0 |6 BO_863_000000000000000_IZA_2017 |7 0 |8 WP_COW |9 561358 |a BIBDER |b BIBDER |e Fundación W and P Cowley |i 5599695 |o Bo863 IZA 2017 |p 5599695 |r 2023-01-25 |t 1 |w 2020-03-12 |y BK |z Catalogado en:20190914 |k WPC | ||